[Event "GMC"]
[Site "Wijk aan Zee NED"]
[Date "2004.01.10"]
[Round "1"]
[White "Peng Zhaoqin"]
[Black "Smeets,J"]
[Result "0-1"]
[WhiteElo "2419"]
[BlackElo "2505"]
[EventDate "2004.01.10"]

1. d4 d5 2. c4 c6 3. e3 Bf5 4. Nc3 e6 5. Nf3 Nd7 6. Be2 h6 7. O-O Ngf6 8.
a3 a5 9. Bd3 Bxd3 10. Qxd3 Bd6 11. e4 dxe4 12. Nxe4 Nxe4 13. Qxe4 O-O 14.
Bd2 a4 15. Rad1 Nf6 16. Qe2 b5 17. Rc1 Qb8 18. c5 Bc7 19. Ne5 Bxe5 20. dxe5
Nd5 21. Rfe1 Ne7 22. Rc3 Rd8 23. Bxh6 gxh6 24. Qg4+ Kf8 25. Qh5 Ng8 26. Rg3
Rd4 27. Ree3 Qd8 28. h3 Qh4 29. Qf3 Ne7 30. Rd3 Rad8 31. Rxd4 Rxd4 32. Qc3
Nf5 33. Rf3 Qe4 34. Qa5 Rd1+ 35. Kh2 Qxe5+ 0-1

[Event "GMC"]
[Site "Wijk aan Zee NED"]
[Date "2004.01.10"]
[Round "1"]
[White "Pavlovic,Mi"]
[Black "Ernst,S"]
[Result "0-1"]
[WhiteElo "2548"]
[BlackElo "2474"]
[EventDate "2004.01.10"]

1. e4 e5 2. Nf3 Nc6 3. Bb5 a6 4. Ba4 Nf6 5. O-O Nxe4 6. d4 b5 7. Bb3 d5 8.
dxe5 Be6 9. Nbd2 Be7 10. c3 O-O 11. Re1 Nc5 12. Bc2 d4 13. Nb3 dxc3 14.
bxc3 Qxd1 15. Rxd1 Na4 16. Bd2 Rfd8 17. Nbd4 Nxd4 18. Nxd4 Nb2 19. Re1 c5
20. Nxe6 Rxd2 21. Be4 Ra7 22. Nf4 c4 23. Kf1 Bc5 24. Re2 Rad7 25. e6 fxe6
26. Nxe6 Rxe2 27. Kxe2 Be7 28. Nf4 Na4 29. Nd5 Kf7 30. Rd1 Bf6 31. Ke3 g6
32. Bc2 Nb2 33. Rd2 Bg7 34. f4 Ke6 35. Nb4 Bxc3 36. Rxd7 Kxd7 37. Nxa6 Kd6
38. a3 Na4 39. Nb4 Bxb4 40. axb4 Nc3 41. f5 Nd5+ 42. Kd2 g5 43. Be4 h5 44.
g3 g4 45. Bg2 Nxb4 46. f6 Ke6 47. Kc3 Nd3 48. Kd4 Kxf6 49. Bc6 b4 50. Be8
Ne5 51. Bxh5 c3 0-1

[Event "GMC"]
[Site "Wijk aan Zee NED"]
[Date "2004.01.10"]
[Round "1"]
[White "Popov,Val"]
[Black "Barendse,T"]
[Result "1-0"]
[WhiteElo "2580"]
[BlackElo "2206"]
[EventDate "2004.01.10"]

1. d4 Nf6 2. c4 e6 3. Nc3 Bb4 4. Qc2 O-O 5. a3 Bxc3+ 6. Qxc3 b6 7. Qf3 d5
8. Bg5 Nbd7 9. cxd5 exd5 10. e3 c5 11. Bb5 cxd4 12. exd4 Qe8+ 13. Ne2 Ne4
14. Bf4 Bb7 15. Qh3 f5 16. f3 Nef6 17. Qxf5 Rd8 18. Qd3 a6 19. Bxa6 Bxa6
20. Qxa6 Qg6 21. O-O Rfe8 22. Qb5 Rc8 23. Nc3 Kh8 24. Rae1 h6 25. Bg3 Qf5
26. Bh4 Qf4 27. Bf2 Qf5 28. a4 Kh7 29. Bh4 Qf4 30. Qd3+ Kh8 31. Bg3 Qg5 32.
Bd6 Qh5 33. f4 Qf7 34. Be5 Kg8 35. h3 Kh8 36. Qf5 Kg8 37. Re3 Ne4 38. Rxe4
dxe4 39. Nxe4 1-0

[Event "GMC"]
[Site "Wijk aan Zee NED"]
[Date "2004.01.10"]
[Round "1"]
[White "Bosboom Lanchava,T"]
[Black "Etmans,M"]
[Result "1-0"]
[WhiteElo "2323"]
[BlackElo "2225"]
[EventDate "2004.01.10"]

1. d4 Nf6 2. c4 e6 3. Nf3 Bb4+ 4. Bd2 Bxd2+ 5. Qxd2 d5 6. g3 O-O 7. Bg2
Nbd7 8. Qc2 c6 9. O-O Qe7 10. cxd5 exd5 11. Nc3 Ne4 12. Rfe1 Ndf6 13. e3 h6
14. Ne5 Bf5 15. f3 Nd6 16. Qb3 Rab8 17. Rad1 Nd7 18. Qb4 Nxe5 19. dxe5 Nc8
20. Qf4 Be6 21. g4 Nb6 22. Qg3 f6 23. b3 Nd7 24. exf6 Qxf6 25. Ne2 Rfe8 26.
h4 g5 27. hxg5 hxg5 28. f4 Re7 29. Nd4 Rg7 30. f5 Bf7 31. Kf2 Re8 32. Rh1
Nf8 33. Rh3 c5 34. Nb5 d4 35. e4 Rh7 36. Rxh7 Nxh7 37. Nd6 Re7 38. Rh1 b6
39. e5 Rxe5 40. Nxf7 Re3 41. Qc7 Nf8 42. Rh8+ 1-0

[Event "GMC"]
[Site "Wijk aan Zee NED"]
[Date "2004.01.10"]
[Round "1"]
[White "Janssen,R"]
[Black "Pavasovic,D"]
[Result "1/2-1/2"]
[WhiteElo "2489"]
[BlackElo "2615"]
[EventDate "2004.01.10"]

1. d4 d5 2. c4 dxc4 3. Nf3 c5 4. d5 e6 5. Nc3 a6 6. e4 b5 7. a4 b4 8. Nb1
exd5 9. exd5 Nf6 10. Bxc4 Bd6 11. O-O O-O 12. Bg5 Nbd7 13. Nbd2 Qc7 14. Re1
Bb7 15. Bxf6 Nxf6 16. Ne4 Qd8 17. Qd3 Nxe4 18. Rxe4 Qf6 19. Qe2 Rfd8 20.
Rd1 g6 21. b3 Bf8 22. Ne5 Rd6 23. Re3 Qd8 24. Qf3 Qc7 25. Nc6 Bxc6 26. dxc6
Rxd1+ 27. Qxd1 Qxc6 28. Bd5 Qd7 29. Rf3 Rd8 30. Bxf7+ Kg7 31. Qf1 a5 32.
Bc4 Qd4 33. g3 Kh8 34. Qe2 Bg7 35. Qe6 Qd6 36. Qxd6 Rxd6 37. Rf7 Bd4 38.
Rf8+ Kg7 39. Rg8+ Kh6 40. Kg2 Bf6 41. Rf8 g5 42. Ra8 Bd8 43. Rc8 Rd2 44.
Kh3 Kg7 45. f4 gxf4 46. gxf4 Be7 47. Ra8 Bd8 48. Kg4 Rd7 49. Kf5 Bc7 50.
Rg8+ Kh6 51. Rc8 Rg7 52. Be6 Kh5 53. h3 Kh4 54. Ke4 Re7 55. f5 c4 56. bxc4
b3 57. Kd3 Be5 58. Rc5 b2 59. Kc2 Bf6 60. Rb5 Kxh3 61. c5 Rc7 62. Bd5 Kg4
63. c6 Kxf5 64. Rxa5 Bd4 65. Rb5 1/2-1/2

[Event "GMC"]
[Site "Wijk aan Zee NED"]
[Date "2004.01.10"]
[Round "1"]
[White "Gagunashvili,M"]
[Black "Werle,J"]
[Result "1-0"]
[WhiteElo "2583"]
[BlackElo "2407"]
[EventDate "2004.01.10"]

1. e4 c5 2. Nf3 d6 3. d4 cxd4 4. Nxd4 Nf6 5. Nc3 Nc6 6. Bg5 e6 7. Qd2 a6 8.
O-O-O Bd7 9. f3 Be7 10. h4 h6 11. Be3 b5 12. g4 Nxd4 13. Bxd4 b4 14. Ne2 e5
15. Be3 Qa5 16. Kb1 Be6 17. Nc1 d5 18. Bh3 d4 19. Bf2 g5 20. Bf1 Rg8 21.
Nb3 Qa4 22. hxg5 hxg5 23. Bd3 Nd7 24. Qe2 Qc6 25. Rh6 Bf8 26. Rh7 Bg7 27.
Bg3 Bf6 28. Be1 Rb8 29. Bxa6 Rb6 30. Bd3 Ke7 31. Nc1 Nf8 32. Rh2 Ng6 33.
Bd2 Ra8 34. b3 Ra3 35. Rh5 Rb8 36. Bxg5 Bxg5 37. Rxg5 Rba8 38. Qh2 Qc5 39.
f4 Qa5 40. Rxg6 fxg6 41. Qh7+ Kd6 42. fxe5+ Qxe5 43. Qb7 Qc5 44. Re1 1-0

[Event "GMC"]
[Site "Wijk aan Zee NED"]
[Date "2004.01.11"]
[Round "2"]
[White "Barendse,T"]
[Black "Bosboom Lanchava,T"]
[Result "0-1"]
[WhiteElo "2206"]
[BlackElo "2323"]
[EventDate "2004.01.10"]

1. e4 d6 2. d4 g6 3. Nc3 Bg7 4. Be3 c6 5. a4 Nf6 6. h3 Nbd7 7. Nf3 O-O 8.
a5 e5 9. dxe5 dxe5 10. Qd6 Re8 11. Bc4 Bf8 12. Qd3 h6 13. O-O Qc7 14. Nh4
g5 15. Nf5 Nh5 16. Rfd1 Ndf6 17. g3 Bxf5 18. exf5 e4 19. Qe2 Nxg3 20. fxg3
Qxg3+ 21. Kh1 Qxh3+ 22. Kg1 Qg3+ 23. Kh1 Ng4 24. Bg1 Qh3+ 25. Bh2 Bc5 26.
Rf1 Bd6 27. Rf2 e3 28. Rg2 Nf2+ 29. Kg1 g4 30. Nd1 Re5 31. Bd3 Rae8 32. b4
Bxb4 33. Ra4 Rxa5 34. Rxa5 Bxa5 35. Rg3 Qh4 36. Rxe3 Rxe3 37. Qxe3 Nxd3 38.
cxd3 Bb6 39. d4 Qf6 40. Qe8+ Kh7 41. Be5 Bxd4+ 42. Bxd4 Qxd4+ 43. Nf2 g3
44. Qxf7+ Qg7 45. Qxg7+ Kxg7 46. Ne4 a5 47. Kg2 a4 0-1

[Event "GMC"]
[Site "Wijk aan Zee NED"]
[Date "2004.01.11"]
[Round "2"]
[White "Ernst,S"]
[Black "Popov,Val"]
[Result "1-0"]
[WhiteElo "2474"]
[BlackElo "2580"]
[EventDate "2004.01.10"]

1. d4 d5 2. c4 e6 3. Nf3 Nf6 4. e3 a6 5. Nc3 dxc4 6. Bxc4 b5 7. Bb3 Bb7 8.
a4 b4 9. Ne2 c5 10. Nf4 cxd4 11. Ne5 Nbd7 12. Nxf7 Kxf7 13. Nxe6 Qb6 14. a5
Qxe6 15. Bxe6+ Kxe6 16. O-O dxe3 17. Bxe3 Rc8 18. Qe2 Kf7 19. Rac1 Be7 20.
Bd4 Rhe8 21. Rxc8 Rxc8 22. Re1 Bc5 23. Bxc5 Rxc5 24. Qd2 Rxa5 25. Qxb4 Rb5
26. Qd6 Kg6 27. Re7 Rd5 28. Qg3+ Kh5 29. Qf3+ Kh6 30. h4 Re5 31. Qf4+ g5
32. hxg5+ Rxg5 33. f3 Kg6 34. Qd6 Rd5 35. Qc7 Ba8 36. Qc8 Nb6 37. Qc2+ Kh5
38. Kh2 Rg5 1-0

[Event "GMC"]
[Site "Wijk aan Zee NED"]
[Date "2004.01.11"]
[Round "2"]
[White "Pavasovic,D"]
[Black "Gagunashvili,M"]
[Result "0-1"]
[WhiteElo "2615"]
[BlackElo "2583"]
[EventDate "2004.01.10"]

1. e4 d6 2. d4 Nf6 3. Nc3 g6 4. g3 Bg7 5. Bg2 O-O 6. Nge2 e5 7. h3 c6 8.
O-O b5 9. Be3 Qc7 10. a3 Bb7 11. g4 a5 12. d5 b4 13. dxc6 Bxc6 14. Nd5 Bxd5
15. exd5 Na6 16. Qd2 Nd7 17. axb4 axb4 18. g5 Rfc8 19. Ng3 Qxc2 20. Ne4 Bf8
21. Qxc2 Rxc2 22. Ra4 Nc7 23. Rxb4 Ra2 24. Rb1 Nxd5 25. Rb7 Rc7 26. Nc3
Rxb7 27. Bxd5 Raa7 28. b4 Be7 29. Bxb7 Rxb7 30. Nd5 Kf8 31. Ra1 f5 32. f3
Kf7 33. h4 Ke6 34. Rd1 Bd8 35. Kf1 Rb5 0-1

[Event "GMC"]
[Site "Wijk aan Zee NED"]
[Date "2004.01.11"]
[Round "2"]
[White "Etmans,M"]
[Black "Janssen,R"]
[Result "0-1"]
[WhiteElo "2225"]
[BlackElo "2489"]
[EventDate "2004.01.10"]

1. e4 e5 2. Nf3 Nc6 3. Bb5 a6 4. Ba4 Nf6 5. Qe2 Bd6 6. c3 O-O 7. d3 h6 8.
Nbd2 b5 9. Bc2 Re8 10. Nf1 Bf8 11. g4 Nh7 12. h4 d6 13. Rg1 Ne7 14. h5 f6
15. Bb3+ d5 16. Ne3 Be6 17. Nf5 Bf7 18. Be3 c6 19. N3h4 a5 20. f3 a4 21.
Bc2 c5 22. Nxe7+ Bxe7 23. Nf5 d4 24. cxd4 cxd4 25. Nxe7+ Qxe7 26. Bd2 Rec8
27. Bd1 Rc6 28. Kf2 Rac8 29. Kg3 Be6 30. a3 Ng5 31. Bb4 Qf7 32. Qd2 Bb3 33.
Rg2 Ne6 34. Bxb3 axb3 35. Qe1 Nf4 36. Rd2 Rc2 37. Rad1 R8c6 38. Qf1 Qe6 39.
Qh1 Rxd2 40. Rxd2 Rc2 41. Qd1 Qc6 42. Rf2 Kh7 43. Rd2 Rc1 44. Qxb3 Rg1+ 45.
Kh4 Rh1+ 46. Kg3 Qc1 0-1

[Event "GMC"]
[Site "Wijk aan Zee NED"]
[Date "2004.01.13"]
[Round "3"]
[White "Popov,Val"]
[Black "Smeets,J"]
[Result "1/2-1/2"]
[WhiteElo "2580"]
[BlackElo "2505"]
[EventDate "2004.01.10"]

1. e4 c6 2. c4 d5 3. exd5 cxd5 4. cxd5 Nf6 5. Nc3 Nxd5 6. Nf3 Nc6 7. d4 Bg4
8. Qb3 Bxf3 9. gxf3 e6 10. Qxb7 Nxd4 11. Bb5+ Nxb5 12. Qxb5+ Qd7 13. Nxd5
exd5 14. Qxd7+ Kxd7 15. Be3 Bb4+ 16. Ke2 Rhc8 17. Rac1 Bd6 18. Kd3 a6 19.
Bd4 g6 20. h3 Rxc1 21. Rxc1 Rc8 22. Rg1 Ke6 23. Be3 Be5 24. Rg4 Bxb2 25.
Rb4 Be5 26. Rb6+ Kf5 27. Rxa6 Rc3+ 28. Ke2 d4 29. Bd2 d3+ 30. Kd1 Rc2 31.
Ra3 g5 32. Ke1 f6 33. Rxd3 Rxa2 34. Be3 1/2-1/2

[Event "GMC"]
[Site "Wijk aan Zee NED"]
[Date "2004.01.13"]
[Round "3"]
[White "Bosboom Lanchava,T"]
[Black "Ernst,S"]
[Result "0-1"]
[WhiteElo "2323"]
[BlackElo "2474"]
[EventDate "2004.01.10"]

1. d4 Nf6 2. c4 e6 3. Nf3 c5 4. d5 exd5 5. cxd5 d6 6. Nc3 g6 7. Nd2 Na6 8.
e4 Bg7 9. Be2 O-O 10. O-O Nc7 11. Re1 Nfe8 12. Nc4 f5 13. exf5 Bxf5 14. Be3
b5 15. Na5 b4 16. Nc6 Qd7 17. Na4 Nf6 18. Bc4 Rae8 19. a3 Be4 20. Nxa7 Qf5
21. axb4 Ng4 22. Qd2 Bxg2 23. Bxc5 Nxh2 24. Ra3 Nf3+ 25. Rxf3 Bxf3 26. Bxd6
Qh3 0-1

[Event "GMC"]
[Site "Wijk aan Zee NED"]
[Date "2004.01.13"]
[Round "3"]
[White "Janssen,R"]
[Black "Barendse,T"]
[Result "1-0"]
[WhiteElo "2489"]
[BlackElo "2206"]
[EventDate "2004.01.10"]

1. d4 Nf6 2. c4 e6 3. Nf3 b6 4. g3 Ba6 5. Nbd2 Bb4 6. Qc2 O-O 7. Bg2 d5 8.
O-O c6 9. Rd1 Nbd7 10. Qa4 Bxd2 11. Qxa6 Bxc1 12. Raxc1 Qc8 13. Qa3 Qb7 14.
Rc2 Rac8 15. Rdc1 h6 16. Ne1 c5 17. cxd5 exd5 18. Nd3 cxd4 19. Rxc8 Rxc8
20. Rxc8+ Qxc8 21. Qxa7 Qc4 22. Bh3 Qc6 23. b4 Qd6 24. Bxd7 Nxd7 25. a4 Ne5
26. Nxe5 Qxe5 27. Qxb6 d3 28. exd3 g5 29. a5 g4 30. Qxh6 Qe1+ 31. Kg2 Qxb4
32. Qg5+ 1-0

[Event "GMC"]
[Site "Wijk aan Zee NED"]
[Date "2004.01.13"]
[Round "3"]
[White "Gagunashvili,M"]
[Black "Etmans,M"]
[Result "1-0"]
[WhiteElo "2583"]
[BlackElo "2225"]
[EventDate "2004.01.10"]

1. d4 Nf6 2. c4 e6 3. Nc3 Bb4 4. e3 d5 5. Nf3 O-O 6. Be2 c5 7. O-O Nc6 8.
cxd5 Nxd5 9. Nxd5 Qxd5 10. a3 Ba5 11. dxc5 Qf5 12. b4 Bc7 13. Bd3 Qh5 14.
Bb2 a6 15. Qe2 e5 16. Be4 Be6 17. Rfd1 f5 18. Bd5 Bxd5 19. Rxd5 Rae8 20.
Rd7 Rf7 21. Qc4 Kf8 22. Rad1 Ree7 23. Rxe7 Rxe7 24. e4 Qg4 25. h3 Qf4 26.
Bc1 Qxe4 27. Qxe4 fxe4 28. Ng5 h6 29. Nxe4 Nd4 30. Bb2 Rd7 31. Kf1 Ke7 32.
Bxd4 exd4 33. Ke2 Be5 34. Kd3 Rc7 35. Kc4 Ke6 36. a4 g5 37. Nd2 b6 38. Nf3
a5 39. Re1 1-0

[Event "GMC"]
[Site "Wijk aan Zee NED"]
[Date "2004.01.13"]
[Round "3"]
[White "Werle,J"]
[Black "Pavasovic,D"]
[Result "1/2-1/2"]
[WhiteElo "2407"]
[BlackElo "2615"]
[EventDate "2004.01.10"]

1. Nf3 c5 2. c4 g6 3. e4 Bg7 4. d4 Qa5+ 5. Nc3 d6 6. d5 Bxc3+ 7. bxc3 Nf6
8. Qc2 Nxe4 9. Bd3 Nf6 10. O-O O-O 11. Bg5 Nbd7 12. Rae1 Re8 13. Nh4 Kg7
14. f4 b5 15. f5 bxc4 16. fxg6 cxd3 17. Nf5+ Kh8 18. g7+ Kg8 19. Qxd3 Ng4
20. Qf3 Nde5 21. Rxe5 dxe5 22. Qxg4 Qb6 23. d6 c4+ 24. Kh1 Qxd6 25. Nxd6
Bxg4 26. Nxe8 Rxe8 27. h3 Be6 28. Rb1 Kxg7 29. Rb7 a6 30. Bxe7 Ra8 31. Kg1
Kg6 32. Kf2 Kf5 33. a4 Ke4 34. Bf6 h5 35. a5 Kf5 36. Be7 Rg8 37. g3 Ke4 38.
h4 Kd3 39. Rb6 Ra8 40. Bf6 Kxc3 41. Bxe5+ Kd3 42. Rd6+ Kc2 43. Ke3 Kb3 44.
Kd2 Kb4 45. Bc3+ Kc5 46. Be5 Bd5 47. Rh6 Bf3 48. Kc3 Rd8 49. Rxa6 Rd3+ 50.
Kb2 Kb4 51. Rf6 Bd5 52. Rb6+ Kxa5 53. Rb8 Be6 54. Bc3+ Ka6 55. Rg8 Bg4 56.
Rf8 f5 57. Be5 Kb5 58. Bf4 Rb3+ 59. Kc2 Kc5 60. Rc8+ Kd4 61. Rd8+ Ke4 62.
Re8+ Kf3 63. Rc8 Kg2 64. Rxc4 Rxg3 65. Bxg3 Kxg3 66. Kd2 Kxh4 67. Ke3 Kg3
68. Rf4 h4 69. Rf1 Kg2 70. Rf2+ Kg1 71. Ra2 h3 72. Kf4 h2 73. Kg3 h1=N+ 74.
Kf4 Nf2 75. Ra5 Nd3+ 76. Kg3 Kf1 77. Ra4 Bh5 78. Kh4 Bf3 79. Kg5 Be4 80.
Ra5 f4 81. Ra4 f3 82. Rxe4 f2 83. Re8 Kg2 84. Rf8 Ne5 85. Rxf2+ 1/2-1/2

[Event "GMC"]
[Site "Wijk aan Zee NED"]
[Date "2004.01.14"]
[Round "4"]
[White "Etmans,M"]
[Black "Werle,J"]
[Result "0-1"]
[WhiteElo "2225"]
[BlackElo "2407"]
[EventDate "2004.01.10"]

1. e4 c5 2. Nf3 e6 3. b3 Nf6 4. e5 Nd5 5. c4 Nb4 6. a3 N4c6 7. Bb2 Be7 8.
Bd3 d5 9. O-O d4 10. Be4 Qc7 11. Re1 Nd7 12. Bxc6 Qxc6 13. d3 b6 14. b4 Bb7
15. b5 Qc7 16. Nbd2 g5 17. h3 h5 18. Qe2 g4 19. hxg4 hxg4 20. Nh2 f5 21.
Ndf1 Nf8 22. Bc1 Ng6 23. g3 a5 24. f3 gxf3 25. Nxf3 O-O-O 26. N1h2 Rh3 27.
Qf2 f4 28. Bxf4 Nxf4 29. gxf4 Rdh8 30. Kf1 Bh4 31. Nxh4 R8xh4 32. Ra2 Qh7
33. Raa1 0-1

[Event "GMC"]
[Site "Wijk aan Zee NED"]
[Date "2004.01.14"]
[Round "4"]
[White "Barendse,T"]
[Black "Gagunashvili,M"]
[Result "0-1"]
[WhiteElo "2206"]
[BlackElo "2583"]
[EventDate "2004.01.10"]

1. e4 e5 2. Nf3 Nc6 3. Bb5 a6 4. Ba4 Nf6 5. O-O Be7 6. Bxc6 dxc6 7. Qe1 Nd7
8. b3 c5 9. Bb2 f6 10. c3 Nf8 11. d4 exd4 12. cxd4 Bg4 13. Nbd2 cxd4 14.
Nxd4 Ne6 15. Nxe6 Bxe6 16. Rd1 O-O 17. Nf3 Qe8 18. Nd4 Bd7 19. Qc3 Bd6 20.
Qf3 Qe5 21. g3 Rae8 22. Rfe1 Bh3 23. Bc3 Qg5 24. Qe3 Qh5 25. Nc2 Rf7 26.
Bb4 f5 27. Bxd6 cxd6 28. Rxd6 fxe4 29. Red1 Qa5 30. Qd2 Qxa2 31. Qc3 e3 32.
fxe3 Ref8 33. Rd8 Be6 34. b4 Bh3 35. Qc5 Qe6 36. Rxf8+ Rxf8 37. Na3 b5 38.
Nb1 Qe4 0-1

[Event "GMC"]
[Site "Wijk aan Zee NED"]
[Date "2004.01.14"]
[Round "4"]
[White "Ernst,S"]
[Black "Janssen,R"]
[Result "1-0"]
[WhiteElo "2474"]
[BlackElo "2489"]
[EventDate "2004.01.10"]

1. d4 d6 2. e4 Nf6 3. Nc3 g6 4. Nf3 Bg7 5. h3 O-O 6. Be3 a6 7. a4 b6 8. Bd3
Bb7 9. O-O Nbd7 10. Qe2 c5 11. Rfd1 cxd4 12. Bxd4 e6 13. b4 e5 14. Be3 Qc7
15. Ra3 h6 16. Qd2 Kh7 17. Be2 Rfc8 18. Qd3 Bf8 19. Rb3 Rd8 20. Nd2 Rac8
21. f3 d5 22. exd5 Bxb4 23. Rxb4 Qxc3 24. Qxc3 Rxc3 25. Bxb6 Rdc8 26. Bf2
Bxd5 27. Bxa6 Ra8 28. Bd3 Bc6 29. Nb1 Nd5 30. Rb2 Rxa4 31. Be4 N7f6 32.
Rxd5 Rxc2 33. Rxc2 Bxd5 34. Rc5 1-0

[Event "GMC"]
[Site "Wijk aan Zee NED"]
[Date "2004.01.14"]
[Round "4"]
[White "Smeets,J"]
[Black "Bosboom Lanchava,T"]
[Result "0-1"]
[WhiteElo "2505"]
[BlackElo "2323"]
[EventDate "2004.01.10"]

1. e4 c5 2. Nf3 Nc6 3. d4 cxd4 4. Nxd4 Nf6 5. Nc3 d6 6. f3 g6 7. Be3 Bg7 8.
Qd2 O-O 9. O-O-O Bd7 10. g4 Rb8 11. h4 h5 12. gxh5 Nxh5 13. Rg1 Nxd4 14.
Bxd4 b5 15. Bxg7 Kxg7 16. Rg5 Rh8 17. f4 Nf6 18. e5 Nh7 19. exd6 Nxg5 20.
hxg5 Bc6 21. Qd4+ Kg8 22. Qc5 Qb6 23. Qxb6 axb6 24. d7 Kg7 25. Bxb5 Bxb5
26. Nxb5 Rhd8 27. b4 Rb7 28. a4 Rdxd7 29. Rxd7 Rxd7 30. Kb2 f6 31. a5 e5
32. fxe5 fxg5 33. e6 Re7 34. Kc3 bxa5 35. bxa5 Rxe6 36. Nd4 Rd6 37. Kc4 g4
38. Kc5 Rf6 39. Kb5 g3 40. a6 g2 41. Ne2 Rf2 42. Ng1 Rf1 0-1

[Event "GMC"]
[Site "Wijk aan Zee NED"]
[Date "2004.01.14"]
[Round "4"]
[White "Peng Zhaoqin"]
[Black "Pavlovic,Mi"]
[Result "0-1"]
[WhiteElo "2419"]
[BlackElo "2548"]
[EventDate "2004.01.10"]

1. d4 Nf6 2. c4 g6 3. Nc3 d5 4. Nf3 Bg7 5. Bg5 Ne4 6. cxd5 Nxg5 7. Nxg5 O-O
8. Nf3 c6 9. dxc6 Nxc6 10. e3 e5 11. d5 e4 12. dxc6 exf3 13. Qxd8 Rxd8 14.
c7 Rd7 15. Rd1 Rxd1+ 16. Kxd1 Bg4 17. g3 Rc8 18. Bd3 Rxc7 19. Kc2 Be6 20.
Be4 b5 21. Kb1 Bxc3 22. bxc3 Rxc3 23. Rd1 Rc4 24. Bc2 a5 25. Kb2 a4 26. Rd4
a3+ 27. Kb1 Rxd4 28. exd4 Bd5 0-1

[Event "GMC"]
[Site "Wijk aan Zee NED"]
[Date "2004.01.15"]
[Round "5"]
[White "Popov,Val"]
[Black "Peng Zhaoqin"]
[Result "1-0"]
[WhiteElo "2580"]
[BlackElo "2419"]
[EventDate "2004.01.10"]

1. Nf3 Nf6 2. c4 c6 3. d4 d5 4. e3 g6 5. Nc3 Bg7 6. Bd3 O-O 7. O-O Bg4 8.
h3 Bxf3 9. Qxf3 Qd6 10. Bd2 dxc4 11. Bxc4 Nbd7 12. Rfd1 e5 13. Be1 exd4 14.
Rxd4 Qe7 15. Bf1 Rad8 16. Rad1 Ne5 17. Qe2 c5 18. Rxd8 Rxd8 19. b3 Rxd1 20.
Qxd1 Nc6 21. Bb5 Nd8 22. Be2 Nc6 23. Bf3 Nd8 24. Nb5 a6 25. Ba5 Ne6 26. Nd6
b5 27. Bc6 Ng5 28. a4 bxa4 29. Bxa4 Nfe4 30. Nxe4 Nxe4 31. Bc6 Bc3 32. Bd8
Qe6 33. Bb7 Nd2 34. Qc2 Qxb3 35. Qxb3 Nxb3 36. Bxa6 Kf8 37. Bb5 Nd2 38. f3
f5 39. Kf2 Kf7 40. Ke2 Bb4 41. Kd3 h6 42. Bc7 Kf6 43. Bf4 g5 44. Bc7 Ke6
45. Ba6 Kf6 46. Bd8+ Kg6 47. Bc4 h5 48. Be6 g4 49. fxg4 fxg4 50. Bxg4 c4+
51. Kd4 Bf8 52. e4 Bg7+ 53. Kd5 Nf1 54. Bf5+ Kf7 55. Bg5 c3 56. e5 Ng3 57.
e6+ 1-0

[Event "GMC"]
[Site "Wijk aan Zee NED"]
[Date "2004.01.15"]
[Round "5"]
[White "Gagunashvili,M"]
[Black "Ernst,S"]
[Result "1/2-1/2"]
[WhiteElo "2583"]
[BlackElo "2474"]
[EventDate "2004.01.10"]

1. d4 Nf6 2. c4 e6 3. Nc3 Bb4 4. e3 O-O 5. Nf3 d5 6. Be2 c5 7. O-O dxc4 8.
Bxc4 Nbd7 9. Re1 b6 10. a3 cxd4 11. exd4 Bxc3 12. bxc3 Qc7 13. Qd3 1/2-1/2

[Event "GMC"]
[Site "Wijk aan Zee NED"]
[Date "2004.01.15"]
[Round "5"]
[White "Werle,J"]
[Black "Barendse,T"]
[Result "1-0"]
[WhiteElo "2407"]
[BlackElo "2206"]
[EventDate "2004.01.10"]

1. Nf3 Nf6 2. c4 e6 3. Nc3 d5 4. d4 Be7 5. Bg5 h6 6. Bh4 O-O 7. e3 b6 8.
Bd3 Bb7 9. O-O Nbd7 10. Qe2 c5 11. Bg3 cxd4 12. exd4 dxc4 13. Bxc4 a6 14.
Ne5 Nxe5 15. dxe5 Nd7 16. a3 b5 17. Ba2 Nc5 18. b4 Qd3 19. bxc5 Qxc3 20.
Rac1 Qxa3 21. c6 Rac8 22. Bb1 g6 23. Be4 Ba8 24. Bf4 Bg5 25. Bxg5 hxg5 26.
Qd2 Qe7 27. Rfd1 Kg7 28. Qa5 Qc7 29. Qxa6 Qxe5 30. Re1 g4 31. g3 Rh8 32.
Bg2 Qf6 33. Re4 Qb2 34. Ree1 Qf6 35. Re2 b4 36. Qc4 e5 37. Rec2 Rhd8 38.
Qxb4 Rd4 39. Qb5 Qd6 40. Qe2 Qe6 41. Rc5 e4 42. Qb2 Qf6 43. Qc2 Qe6 44. Qc3
Qf6 45. c7 Rd7 46. Qc2 Qd4 47. Qe2 Qd6 48. Qe3 Kh7 49. Qc3 Qe7 50. Bf1 Qd6
51. Bg2 Qe7 52. h4 Rd3 53. Qc4 Qf6 54. Bxe4 Rd2 55. Rf1 Rd4 56. Bxa8 Rxc4
57. Rxc4 Rxa8 58. c8=Q Rxc8 59. Rxc8 Qf5 60. Rc4 Qe6 61. Rc7 Kg7 62. Rd1 g5
63. hxg5 Qe2 64. Rdc1 Qe5 65. R7c5 Qe4 66. R5c4 Qf5 67. Rf4 Qd7 68. Rcc4
Qd1+ 69. Kh2 Qf1 70. Rc7 Kg6 71. Rcxf7 Kxg5 72. Rg7+ Kh5 73. Rgxg4 Kh6 74.
Rg8 Kh5 75. Rh4+ 1-0

[Event "GMC"]
[Site "Wijk aan Zee NED"]
[Date "2004.01.15"]
[Round "5"]
[White "Pavasovic,D"]
[Black "Etmans,M"]
[Result "1-0"]
[WhiteElo "2615"]
[BlackElo "2225"]
[EventDate "2004.01.10"]

1. e4 Nf6 2. e5 Nd5 3. d4 d6 4. c4 Nb6 5. exd6 exd6 6. Nc3 Be7 7. h3 O-O 8.
Nf3 Bf5 9. Be2 Nc6 10. d5 Ne5 11. Nd4 Bd7 12. b3 c5 13. dxc6 bxc6 14. O-O
Ng6 15. Qd2 Re8 16. Rd1 Qc7 17. Bb2 Rad8 18. Bf1 Bf6 19. Re1 Rxe1 20. Rxe1
Re8 21. Ne4 Be5 22. c5 Nd5 23. cxd6 Bxd6 24. Nxd6 Rxe1 25. Qxe1 Qxd6 26.
Qa5 Qb8 27. Qc5 Nge7 28. Nf3 Be6 29. Bd4 a6 30. Qa5 h6 31. Qxa6 Qf4 32. Qe2
Ng6 33. Bb2 Qf5 34. Nd4 Qb1 35. Nxe6 fxe6 36. g3 Qxa2 37. Qxe6+ Kh7 38. Bd3
Nde7 39. Qe5 1-0

[Event "GMC"]
[Site "Wijk aan Zee NED"]
[Date "2004.01.17"]
[Round "6"]
[White "Lahno,Kateri"]
[Black "Etmans,M"]
[Result "1-0"]
[WhiteElo "2493"]
[BlackElo "2225"]
[EventDate "2004.01.10"]

1. e4 c5 2. Nf3 Nc6 3. d4 cxd4 4. Nxd4 e5 5. Nb5 a6 6. Nd6+ Bxd6 7. Qxd6
Qe7 8. Qd1 Nf6 9. Nc3 h6 10. Bd3 d6 11. O-O Be6 12. f4 exf4 13. Bxf4 Ne5
14. Be2 O-O 15. Qd4 Rfd8 16. Bxe5 dxe5 17. Qxe5 Qb4 18. Rab1 Rd2 19. a3
Qb6+ 20. Kh1 Rxc2 21. Qg3 Nxe4 22. Nxe4 Rxe2 23. Nf6+ Kf8 24. Qd3 Re5 25.
Qh7 Rg5 26. Ne4 Rg4 27. Qh8+ Ke7 28. Qxa8 Rxe4 29. Qb8 Re2 30. Rbc1 Rd2 31.
Rc7+ Rd7 32. Rc8 f5 33. Rh8 Kf6 34. Rf8+ Bf7 35. Qc8 Qd4 36. Rxf5+ Kg6 37.
Rf1 Qd3 38. Qc1 Bd5 39. R8f2 Be4 40. Qf4 Kh7 41. Re1 Bg6 42. Qe5 Qb3 43. h3
Rd8 44. Qc7 Rd1 45. Rxd1 Qxd1+ 46. Kh2 Qd4 47. Rf8 Be4 48. Qb8 Bc6 49. Rh8+
Kg6 50. Qg3+ Kf7 51. b4 Qd5 52. Rc8 Qd4 53. Qc7+ Kg6 54. Rd8 Qb2 55. Qd6+
Kh5 56. Qg3 g5 57. Qg4+ Kg6 58. Qe6+ Kh5 59. Qf7+ Kh4 60. Rd4+ Qxd4 61. g3+
1-0

[Event "GMC"]
[Site "Wijk aan Zee NED"]
[Date "2004.01.17"]
[Round "6"]
[White "Barendse,T"]
[Black "Pavasovic,D"]
[Result "0-1"]
[WhiteElo "2206"]
[BlackElo "2615"]
[EventDate "2004.01.10"]

1. e4 e5 2. Nf3 Nc6 3. Bb5 a6 4. Ba4 Be7 5. O-O Nf6 6. Re1 b5 7. Bb3 O-O 8.
c3 d6 9. h3 Nb8 10. d4 Nbd7 11. Nbd2 Bb7 12. Bc2 Re8 13. Nf1 Bf8 14. Ng3 g6
15. a4 c6 16. Be3 Qc7 17. Qd2 Bg7 18. Bg5 Nf8 19. Bd3 Ne6 20. Be3 Nd7 21.
Bc2 Nb6 22. axb5 Nc4 23. Qe2 axb5 24. Bb3 Nxe3 25. fxe3 Qb6 26. Kh1 Rxa1
27. Rxa1 exd4 28. exd4 c5 29. d5 Nf8 30. Qf2 Nd7 31. Rf1 Re7 32. Bc2 Ne5
33. Ne2 b4 34. Qh4 Re8 35. Neg1 Ba6 36. Ra1 bxc3 37. bxc3 Nxf3 38. Nxf3
Bxc3 39. e5 Bxa1 40. Ng5 h5 41. e6 f5 42. Qa4 Qb5 43. Qxa1 Qf1+ 44. Qxf1
Bxf1 45. Nf7 Kf8 46. Ba4 Ra8 47. Bc6 Ra1 48. Kh2 Ra2 49. Kg1 Bxg2 50. Nh8
Kg7 51. Nxg6 Kf6 52. e7 Re2 53. e8=Q Rxe8 54. Bxe8 Bxh3 55. Kf2 Bg4 56. Nf4
Ke5 57. Ke3 h4 58. Ng6+ Kxd5 59. Nxh4 c4 60. Ng6 Kc5 61. Nf4 d5 62. Ne6+
Kd6 63. Nd4 Ke5 64. Nc6+ Kf6 65. Kf4 c3 66. Nb4 d4 67. Bb5 Ke6 68. Bd3 Bh3
69. Nc2 Kd5 70. Nb4+ Kc5 71. Nc2 Bg4 72. Ke5 Bd1 73. Nxd4 f4 74. Kxf4 Kxd4
75. Be4 Be2 76. Bb1 Bd3 0-1